POULTRY SCIENCE (Record no. 16729)

MARC details
000 -LEADER
fixed length control field 00440nam a22001697a 4500
003 - CONTROL NUMBER IDENTIFIER
control field OSt
005 - DATE AND TIME OF LATEST TRANSACTION
control field 20211104115716.0
008 - FIXED-LENGTH DATA ELEMENTS--GENERAL INFORMATION
fixed length control field 211104b |||||||| |||| 00| 0 eng d
020 ## - INTERNATIONAL STANDARD BOOK NUMBER
International Standard Book Number 0-8134-2929-3
040 ## - CATALOGING SOURCE
Transcribing agency HAWASSA UNIVERSITY
050 ## - LIBRARY OF CONGRESS CALL NUMBER
Classification number 636.5/ENS
Item number 5
082 ## - DEWEY DECIMAL CLASSIFICATION NUMBER
Edition number 3
Classification number 636.5/ENS
Item number 5
100 ## - MAIN ENTRY--PERSONAL NAME
Personal name ENSMINGER E. M.
Fuller form of name ENSMINGER E. M.
9 (RLIN) 16926
245 ## - TITLE STATEMENT
Title POULTRY SCIENCE
260 ## - PUBLICATION, DISTRIBUTION, ETC.
Place of publication, distribution, etc. DANVILLE
Name of publisher, distributor, etc. INTERSTATE
Date of publication, distribution, etc. 1992
942 ## - ADDED ENTRY ELEMENTS (KOHA)
Source of classification or shelving scheme Dewey Decimal Classification
Koha item type Books like text book referance book
Suppress in OPAC No
Holdings
Withdrawn status Lost status Source of classification or shelving scheme Damaged status Not for loan Home library Current library Date acquired Total Checkouts Full call number Barcode Date last seen Copy number Price effective from Koha item type
    Dewey Decimal Classification     College of Agriculture Library College of Agriculture Library 11/04/2021   636.5/ENS ALIB0003131 11/04/2021 1 11/04/2021 Books like text book referance book
    Dewey Decimal Classification     College of Agriculture Library College of Agriculture Library 11/04/2021   636.5/ENS ALIB0003132 11/04/2021 6 11/04/2021 Books like text book referance book
    Dewey Decimal Classification     College of Agriculture Library College of Agriculture Library 11/04/2021   636.5/ENS ALIB0003133 11/04/2021 9 11/04/2021 Books like text book referance book
    Dewey Decimal Classification     College of Agriculture Library College of Agriculture Library 11/04/2021   636.5/ENS ALIB0003134 11/04/2021 10 11/04/2021 Books like text book referance book
    Dewey Decimal Classification     College of Agriculture Library College of Agriculture Library 11/04/2021   636.5/ENS ALIB0003135 11/04/2021 11 11/04/2021 Books like text book referance book